Steden van Gelderland - Statistics

General Stats
  • This quiz has been taken 46 times
  • The average score is 10 of 30
Answers on the Map
Answers color-coded by a green-red scale on the quiz's map according to % correct below.
 
Answer Stats
answer % Correct
Arnhem | Arnheim
95%
Nijmegen | Nimwegen | Nimègue
93%
Zutphen | Zütphen
68%
Doetinchem
66%
Tiel
59%
Wageningen
59%
Harderwijk
56%
Nijkerk
51%
Zevenaar
51%
Huissen
41%
Elburg
39%
Doesburg
34%
Hattem
27%
Culemborg
24%
Groenlo
24%
Terborg
22%
Zaltbommel
22%
Borculo
20%
's Heerenberg
20%
Gendt
20%
Lochem
20%
Bronkhorst
17%
Buren
17%
Bredevoort
12%
Maasbommel
12%
Batenburg
10%
Staverden
10%
Asperen
5%
Heukelum
5%
Laag-Keppel
5%
No matching quizzes found
Score Distribution
Percent of People with Each Score
Percentile by Number Answered
Your Score History
You have not taken this quiz